[Event "Baia Mare Castanelor Cup 7th"]
[Site "Baia Mare"]
[Date "2021.11.28"]
[Round "1"]
[White "Erdodi, Peter Stefan"]
[Black "Ghimpu, Samuel Timotei"]
[Result "0-1"]
[WhiteElo "1465"]
[BlackElo "2414"]
[PlyCount "50"]
[EventDate "2021.11.28"]
[EventType "swiss (rapid)"]
[EventRounds "9"]
[EventCountry "ROU"]
[SourceTitle "CBM 205 Extra"]
[Source "ChessBase"]
[SourceDate "2022.01.31"]
[SourceVersion "1"]
[SourceVersionDate "2022.01.31"]
[SourceQuality "1"]

1. e4 c6 2. d4 d5 3. exd5 cxd5 4. Bd3 Nc6 5. c3 Nf6 6. h3 g6 7. Nf3 Bf5 8. Bxf5 gxf5 9. Bf4 e6 10. 0-0 Ne4 11. Nbd2 Bd6 12. Bxd6 Qxd6 13. Qa4 0-0-0 14. c4 Kb8 15. Rac1 Rhg8 16. cxd5 Nxd2 17. Nxd2 Qxd5 18. g3 Nxd4 19. Rfe1 f4 20. g4 h5 21. Re4 hxg4 22. hxg4 Rxg4+ 23. Kf1 f5 24. Rxd4 Qxd4 25. Nf3 Qxa4 0-1

[Event "FISCA Online op"]
[Site "Chess.com INT"]
[Date "2020.06.28"]
[Round "9"]
[White "Iuga, Ioan Alexandru"]
[Black "Erdodi, Peter Stefan"]
[Result "1-0"]
[WhiteElo "1613"]
[BlackElo "1281"]
[PlyCount "89"]
[EventDate "2020.06.19"]
[EventType "swiss"]
[EventRounds "9"]
[EventCountry "ROU"]
[SourceTitle "CBM 197 Extra"]
[Source "ChessBase"]
[SourceDate "2020.09.30"]
[SourceVersion "1"]
[SourceVersionDate "2020.09.30"]
[SourceQuality "1"]

1. e4 c5 2. c3 d5 3. exd5 Qxd5 4. d4 cxd4 5. cxd4 Nc6 6. Nf3 e5 7. Nc3 Bb4 8. dxe5 Qxd1+ 9. Kxd1 Bg4 10. Bf4 0-0-0+ 11. Kc2 Bxf3 12. gxf3 Nd4+ 13. Kc1 Ne7 14. Bh3+ Nef5 15. Be3 Kb8 16. Bxf5 Nxf5 17. Rd1 Bxc3 18. bxc3 Nxe3 19. fxe3 Kc7 20. Kc2 Kc6 21. Rd4 Rxd4 22. exd4 Kd5 23. Kd3 Re8 24. c4+ Kc6 25. Rb1 b6 26. d5+ Kc7 27. Kd4 f6 28. f4 fxe5+ 29. fxe5 Rf8 30. Ke3 g5 31. Rg1 h6 32. h4 Rf5 33. e6 Kd6 34. hxg5 hxg5 35. Re1 g4 36. Rg1 Rf3+ 37. Ke4 Rc3 38. Kd4 Ra3 39. Rxg4 Rxa2 40. Re4 Rd2+ 41. Kc3 Rxd5 42. cxd5 Kxd5 43. Re1 a5 44. e7 a4 45. e8Q 1-0

[Event "FISCA Online op"]
[Site "Chess.com INT"]
[Date "2020.06.21"]
[Round "3"]
[White "Bhandari, Arjun Neel"]
[Black "Erdodi, Peter Stefan"]
[Result "0-1"]
[WhiteElo "1111"]
[BlackElo "1281"]
[PlyCount "68"]
[EventDate "2020.06.19"]
[EventType "swiss"]
[EventRounds "9"]
[EventCountry "ROU"]
[SourceTitle "CBM 197 Extra"]
[Source "ChessBase"]
[SourceDate "2020.09.30"]
[SourceVersion "1"]
[SourceVersionDate "2020.09.30"]
[SourceQuality "1"]

1. e4 c5 2. Nf3 d6 3. d4 cxd4 4. Nxd4 Nf6 5. Nc3 g6 6. Be3 Bg7 7. f3 0-0 8. Qd2 Nc6 9. Bc4 Bd7 10. 0-0-0 Rc8 11. Nb3 Ne5 12. Be2 a6 13. Bh6 Nc4 14. Bxc4 Rxc4 15. Bxg7 Kxg7 16. Qe2 b5 17. a3 Qc7 18. Rd4 Rc8 19. Rhd1 a5 20. Qd3 a4 21. Nd2 Rxd4 22. Qxd4 Qc5 23. Ndb1 Qxd4 24. Rxd4 Nh5 25. e5 Rc6 26. Ne4 Nf4 27. Rd2 Bf5 28. exd6 exd6 29. Nxd6 Nd3+ 30. Kd1 Nxb2+ 31. Ke1 Bxc2 32. Nxb5 Nd3+ 33. Ke2 Re6+ 34. Kf1 Re1# 0-1

[Event "Hannibal Online op U12"]
[Site "Chess.com INT"]
[Date "2020.06.04"]
[Round "4"]
[White "Coicev, Matei Andrei"]
[Black "Erdodi, Peter Stefan"]
[Result "1-0"]
[WhiteElo "1845"]
[BlackElo "1281"]
[PlyCount "89"]
[EventDate "2020.06.01"]
[EventType "swiss"]
[EventRounds "9"]
[EventCountry "MDA"]
[SourceTitle "CBM 196 Extra"]
[Source "ChessBase"]
[SourceDate "2020.07.31"]
[SourceVersion "1"]
[SourceVersionDate "2020.07.31"]
[SourceQuality "1"]

1. e4 c5 2. d4 cxd4 3. c3 d3 4. Bxd3 Nc6 5. Nf3 d6 6. h3 Nf6 7. 0-0 g6 8. c4 Bg7 9. Nc3 0-0 10. Be3 a6 11. Qe2 Nb4 12. Bb1 Qc7 13. a3 Nc6 14. Bd3 Be6 15. Rac1 Qd7 16. Rfd1 Rac8 17. Bb6 Nh5 18. Be3 Na5 19. Nd5 Bxd5 20. exd5 Nb3 21. Rb1 Nc5 22. Bc2 b5 23. b4 Nb7 24. cxb5 axb5 25. Bd3 Rc3 26. Bxb5 Qf5 27. g4 Qc8 28. gxh5 Qxh3 29. Ng5 Qf5 30. Bd3 Qc8 31. Rbc1 h6 32. Ne4 Rxd3 33. Rxc8 Rxd1+ 34. Qxd1 Rxc8 35. hxg6 fxg6 36. a4 Rc4 37. Qb1 Nd8 38. Nd2 Rg4+ 39. Kf1 Bc3 40. a5 Bxb4 41. a6 Bxd2 42. Bxd2 Kg7 43. Qa1+ Kh7 44. a7 Rh4 45. Kg2 1-0

[Event "Hannibal Online op U12"]
[Site "Chess.com INT"]
[Date "2020.06.03"]
[Round "3"]
[White "Erdodi, Peter Stefan"]
[Black "Targon, Roxana"]
[Result "1-0"]
[WhiteElo "1281"]
[BlackElo "1015"]
[PlyCount "43"]
[EventDate "2020.06.01"]
[EventType "swiss"]
[EventRounds "9"]
[EventCountry "MDA"]
[SourceTitle "CBM 196 Extra"]
[Source "ChessBase"]
[SourceDate "2020.07.31"]
[SourceVersion "1"]
[SourceVersionDate "2020.07.31"]
[SourceQuality "1"]

1. e4 e5 2. d4 exd4 3. c3 dxc3 4. Bc4 Bc5 5. Bxf7+ Kxf7 6. Qd5+ Ke8 7. Qxc5 Ne7 8. Nxc3 Rf8 9. Nf3 b6 10. Qh5+ g6 11. Qxh7 d5 12. Bh6 Rf7 13. Qh8+ Kd7 14. Ne5+ Ke6 15. Qxd8 Kxe5 16. Nxd5 Nec6 17. Qe8+ Be6 18. Bf4+ Kxe4 19. Qxe6+ Kd4 20. Be3+ Kd3 21. 0-0-0+ Ke2 22. Rhe1# 1-0